[Event "Oberliga Ost-A 0708"]
[Site "Germany"]
[Date "2007.11.04"]
[Round "3.1"]
[White "Klawa, Patrick"]
[Black "Darr, Sascha"]
[Result "1/2-1/2"]
[WhiteElo "2289"]
[BlackElo "2218"]
[PlyCount "93"]
[EventDate "2007.09.23"]
[EventType "team-tourn"]
[EventRounds "11"]
[EventCountry "GER"]
[SourceTitle "EXT 2009"]
[Source "ChessBase"]
[SourceDate "2008.11.26"]
[SourceVersion "1"]
[SourceVersionDate "2008.11.26"]
[SourceQuality "1"]
[WhiteTeam "Coswig"]
[BlackTeam "Jena Jenapharm"]
[WhiteTeamCountry "GER"]
[BlackTeamCountry "GER"]

1. d4 Nf6 2. Bg5 d5 3. Bxf6 exf6 4. e3 Bf5 5. Nd2 c6 6. g3 Bd6 7. Bg2 Qd7 8. e4 dxe4 9. Nxe4 0-0 10. Nxd6 Qxd6 11. Ne2 Qb4+ 12. c3 Qxb2 13. 0-0 Nd7 14. h3 Nb6 15. g4 Bg6 16. Rc1 Qxa2 17. f4 f5 18. Ng3 f6 19. gxf5 Bf7 20. Rf2 Qa3 21. Ne4 Nc4 22. Nc5 Ne3 23. Qe1 Rae8 24. Be4 Nxf5 25. Ra1 Rxe4 26. Nxe4 Qe7 27. Nc5 Qxe1+ 28. Rxe1 b6 29. Nd3 a5 30. Rb2 b5 31. Ra1 a4 32. Nb4 Rc8 33. Kf2 Kf8 34. Nxc6 Rxc6 35. Rxb5 Nd6 36. Rb8+ Ke7 37. Rxa4 Rxc3 38. Ra7+ Ke6 39. Rb6 Rd3 40. f5+ Kd5 41. Rd7 Ke4 42. Rbxd6 Bh5 43. Rxg7 Kf4 44. Rg4+ Bxg4 45. hxg4 Kxg4 46. Ke2 Rf3 47. Rxf6 1/2-1/2